000 00859nam a2200265Ia 4500
003 OSt
005 20221005073505.0
006 a|||||r|||| 00| 0
007 ta
008 221004b |||||||| |||| 00| 0 eng d
020 _a8178271206
_c1200
024 _a82184
037 _b647, 30/03/2005, Indraprastha Books & Periodicals
_cTextual
040 _aCRL
_cCRL
_beng
041 _2eng
_aeng
082 _aP10aY:1, P2
100 _aTripathi D. N Ed.
_9146402
245 0 _aDiscourse on Indo European languages and culture edited by D. N. Tripathi
260 _aNew Delhi
_bIndian Council of Historical Research India
_c2005
300 _a420p.
_ccm.
650 _a LINGUISTICS
650 _aCULTURE
942 _hP10aY:1, P2
_cTEXL
_2cc
999 _c981240
_d981240